000 00436cam a2200169 4500
001 ##D12550
008 090401t1908 xxu||||| |||| 00| 0 eng d
035 _a(Sirsi) u4136
041 0 _aeng
100 1 _aCurtis, Charles E.
245 0 4 _aThe valuation of land and houses
250 _a3rd ed.
260 _aLondon
_bEstates Gazette
_c1908
690 _aPROPERTY-PROPERTY VALUATION AND APPRAISAL
942 _n0
948 _c04/03/1997
999 _c85998
_d85998